000 00730nam a2200289Ia 4500
005 20260324120313.0
008 008 260324s9999 xx 000 0 eng d
020 _a9781315735474
037 _aEBOOK
040 _aCRL
040 _beng
040 _cCRL
041 _2eng
041 _aeng
084 _qCRL
100 _aKeith Ross; Liz Lakin; Janet McKechnie; Jim Baker
_91158037
245 0 _aTeaching Secondary Science
245 0 _bConstructing Meaning and Developing Understanding
260 _bTaylor and Francis
260 _c2015
365 _a
365 _b280
856 _uhttp://www.taylorfrancis.com/books/9781315735474
942 _cEBOOK
999 _c1749496
_d1749496